People, land, and water : (Record no. 921)
[ view plain ]
| 000 -LEADER | |
|---|---|
| fixed length control field | 00512 a2200133 4500 |
| 020 ## - INTERNATIONAL STANDARD BOOK NUMBER | |
| International Standard Book Number | 9781844073436 (hardback) |
| 020 ## - INTERNATIONAL STANDARD BOOK NUMBER | |
| International Standard Book Number | 1844073432 (hardback) |
| 082 ## - DEWEY DECIMAL CLASSIFICATION NUMBER | |
| Classification number | 333.7014 BES |
| 100 ## - MAIN ENTRY--PERSONAL NAME | |
| Personal name | Bessette,Guy |
| 245 ## - TITLE STATEMENT | |
| Title | People, land, and water : |
| Remainder of title | participatory development communication for natural resource management / |
| Statement of responsibility, etc. | edited by Guy Bessette. |
| 260 ## - PUBLICATION, DISTRIBUTION, ETC. | |
| Place of publication, distribution, etc. | London ; |
| -- | Sterling, VA : |
| Name of publisher, distributor, etc. | Earthscan, |
| Date of publication, distribution, etc. | 2006. |
| 300 ## - PHYSICAL DESCRIPTION | |
| Extent | xx, 313 p. : |
| Other physical details | ill. ; |
| Dimensions | 24 cm. |
| 650 ## - SUBJECT ADDED ENTRY--TOPICAL TERM | |
| Topical term or geographic name entry element | Natural resources |
| General subdivision | Management. |
| 650 ## - SUBJECT ADDED ENTRY--TOPICAL TERM | |
| Topical term or geographic name entry element | Communication in economic development. |
| Withdrawn status | Lost status | Damaged status | Not for loan | Permanent Location | Current Location | Shelving location | Date acquired | Total Checkouts | Full call number | Barcode | Date last seen | Price effective from | Koha item type |
|---|---|---|---|---|---|---|---|---|---|---|---|---|---|
| School of Civil and Environmental Engineering (SCEE) | School of Civil and Environmental Engineering (SCEE) | 333.7014 BES | NIT-660 | 01/05/2017 | 01/05/2017 | Book |
